Wiedza ogólna o świecie #3 - Statystyki

Ogólne statystyki
  • Ten quiz został rozwiązany 105 razy
  • Średni wynik to 13 z 15
Statystyki odpowiedzi
Zagadnienie Odpowiedź % Poprawnych
Ile trwa jedna doba na Ziemi? 24 godziny
97%
Jaką liczbę rzymską oznacza „X”? 10
94%
Która wojna zakończyła się w 1945 roku? II wojna światowa
91%
Jak nazywa się najwyższy szczyt świata? Mount Everest
91%
Który kraj jest największy pod względem powierzchni? Rosja
91%
Który wynalazca stworzył żarówkę? Thomas Edison
91%
Która planeta nazywana jest „Czerwoną Planetą”? Mars
88%
Który kraj ma kształt buta? Włochy
88%
Które zwierzę jest największym ssakiem lądowym? Słoń afrykański
85%
Jak nazywa się największy kontynent na Ziemi? Azja
82%
Które zwierzę jest symbolem WWF? Panda
82%
W jakim kraju znajduje się Machu Picchu? Peru
82%
Które miasto leży jednocześnie w Europie i Azji? Istambuł
79%
Jak nazywa się stolica Australii? Canberra
76%
Kto był pierwszym człowiekiem w kosmosie? Jurij Gagarin
52%
Nie znaleziono quizów pasujących do podanych kryteriów
Rozkład punktacji
Procent ludzi z każdym wynikiem
Percentyl według liczby udzielonych odpowiedzi
Twoja historia wyników
Nie rozwiązałeś tego quizu